Mots de la langue française terminés par "ane" - Statistiques

Statistiques générales
  • Ce quiz a été pris 174 fois
  • Le résultat moyen est 17 sur 36
Statistiques - réponses
Indice Mot % Correct
fruit banane
93%
mère du canardeau cane
90%
infusion tisane
80%
fusée Ariane
79%
hutte cabane
78%
déesse de la chasse diane
70%
région d'outre-mer Guyane
68%
robe de prêtre soutane
68%
plante grimpante liane
64%
vélo becane
63%
roulotte caravane
63%
gros lézard iguane
60%
état des Etats Unis Louisiane
57%
anis étoilé badiane
55%
cigarette gitane
54%
tuyau à projectiles sarbacane
53%
tête crane
51%
cigare havane
43%
bidon jerricane
43%
plaine tropicale savane
43%
arbre platane
41%
à la frontière douane
39%
métal titane
39%
paroi mince membrane
33%
vent tramontane
33%
menteur mythomane
30%
prénom masculin Stéphane
25%
plante médicinale gentiane
21%
prénom féminin Christiane
20%
herbe à chat valeriane
20%
prénom féminin Viviane
20%
prénom féminin Sylviane
19%
drogué toxicomane
16%
nomade tsigane
13%
voleur cleptomane
11%
partie du corps humain organe
10%
Aucun quiz correspondant
Distribution des résultats
% des personnes avec chaque résultat
Percentile par nombre de réponses
Votre historique - résultats
Vous n’avez pas pris ce quiz